000 01023nam a22003017a 4500
001 BR7603626
003 BR-BrBNA
005 20230928085032.0
007 ta
008 230509b bl.||||| |||| 00| 0 por d
040 _aBR-BrBNA
_bpor
_cBiblioteca Nacional de Agricultura
041 _a(Por)
072 _aF00; H00; F70
_b1160
_b3877
_b/G514
090 _ 1160 BR7603626
110 1 _aSecretaria da Agricultura e Abastecimento, Fortaleza, CE (Brasil). Depto. Tecnico Executivo. Coordenadoria de Sanidade Vegetal
_98303
245 1 _aA cultura do cajueiro [Anacardium occidentale, distribuicao geografica, clima, pratica cultural, praga de planta, controle quimico, pulverizacao, Ceara, Brasil]
260 3 _aFortaleza, CE (Brasil):
_c1976.
300 _a17 p.
650 _aCAJU
650 _aDEFESA VEGETAL
650 _aDISTRIBUICAO GEOGRAFICA
650 _aPRATICA CULTURAL
650 _aINSETICIDA
650 _aPULVERIZACAO
650 _aCEARA
909 _a202309
_bLucia
_c55
_dLucia Elande
942 _cBK
999 _c22495
_d22495